| 000 | 00421cam a2200181ua 4500 | ||
|---|---|---|---|
| 020 | _c2.50 | ||
| 041 |
_amal _h |
||
| 082 |
_a894.812308 _bPAN/PA |
||
| 100 | _aPanikker, K M . | ||
| 245 |
_aParankipadayali / _cK M Paniker. _hTextual Documents |
||
| 250 |
_a1 / _b. |
||
| 260 |
_aTrivandrum : _bB V Depot , _c1969. |
||
| 300 | _a100 ; . | ||
| 365 | _a2.50 | ||
| 504 | _a | ||
| 942 | _cBK | ||
| 999 |
_c6701 _d6701 |
||